[Event "BL2-O9798"]
[Site "Germany"]
[Date "1998.??.??"]
[Round "9.4"]
[White "Schmidt, Jan Peter"]
[Black "Meister, Peter"]
[Result "0-1"]
[WhiteElo "2260"]
[BlackElo "2395"]

1.d4 d5 2.c4 e6 3.g3 Nf6 4.Bg2 Be7 5.Nf3 O-O 6.O-O b6 7.cxd5 exd5 8.Nc3 Bb7
9.Bf4 Re8 10.Rc1 c6 11.Ne5 Nbd7 12.e4 dxe4 13.Nxe4 Nxe5 14.dxe5 Nd5 15.Qg4 Qc8
16.Qxc8 Raxc8 17.Nd6 Bxd6 18.exd6 Nxf4 19.gxf4 Re6 20.Rfd1 Rd8 21.Bxc6 Rg6+
22.Kh1 Ba6 23.Bf3 Rgxd6 24.Rxd6 Rxd6 25.Rc7 g6 26.Kg2 Rd2 27.Rxa7 Bc4 28.b3 Be6
29.Ra6 Kg7 30.a3 Ra2 31.b4 h5 32.h4 Kf6 33.a4 Kf5 34.a5 b5 35.Kg3 Ra3 36.Rd6 Bc4
37.Rd2 Rb3 38.Kg2 Rxb4 39.a6 Ra4 40.Bb7 Kxf4 41.Rd6 Ke5 42.Rb6 Kd4 43.Bf3 b4
44.a7 Rxa7 45.Rxb4 Kc5 46.Rb2 Ra3 47.Rd2 Bd3 48.Rd1 Kc4 49.Re1 Kd4 50.Re7 Bc4
51.Bc6 Be6 52.Bf3 Ke5 53.Rc7 Kf4 54.Rb7 Rc3 55.Ra7 Rc4 56.Ra3 Rb4 57.Ra7 Ke5
58.Ra5+ Kf4 59.Ra7 Rc4 60.Ra3 Rd4 61.Ra7 Rb4 62.Ra3 g5 63.Bxh5 g4 64.Ra7 Bd5+
65.Kh2 f5 66.Bf7 Be4 67.Ra1 Rb7 68.Be8 Rb3 69.f3 Rxf3  0-1

[Event "BL2-O9798"]
[Site "Germany"]
[Date "1998.??.??"]
[Round "9.7"]
[White "Wichmann, Cliff"]
[Black "Fischer, Oliver"]
[Result "1-0"]
[WhiteElo "2230"]
[BlackElo "2120"]

1.Nf3 d5 2.d4 Nf6 3.c4 e6 4.g3 Be7 5.Bg2 O-O 6.O-O Nbd7 7.b3 b6 8.cxd5 exd5
9.Nc3 Bb7 10.Bf4 Ne4 11.Rc1 Nxc3 12.Rxc3 c5 13.Rc2 Rc8 14.Qd3 c4 15.bxc4 Ba6
16.Nd2 Nf6 17.Qb3 dxc4 18.Qa4 c3 19.Qxa6 cxd2 20.Rxd2 Bb4 21.Rd3 Re8 22.Bb7 Rc3
23.Rxc3 Bxc3 24.e3 Nh5 25.Be5 Bd2 26.Qe2 g6 27.Bf3 f6 28.Bxh5 fxe5 29.Bxg6 hxg6
30.Qxd2 exd4 31.exd4 Qd5 32.Rd1 Kg7 33.Qb2 Qf3 34.Qb3 Qg4 35.d5 Re2 36.d6 Qf5
37.Qc3+ Kh7 38.Qd4 Qd7 39.Rc1  1-0

[Event "Gyongyos Matra Kupa"]
[Site "Gyongyos"]
[Date "1998.??.??"]
[Round "1"]
[White "Chetverik, Maxim"]
[Black "Paal, Attila"]
[Result "1-0"]
[WhiteElo "2330"]
[BlackElo "2125"]

1.d4 e6 2.c4 d5 3.g3 Nf6 4.Nf3 Be7 5.Bg2 O-O 6.O-O c6 7.Nc3 Nbd7 8.Qb3 b6
9.Rd1 Bb7 10.Bf4 Rc8 11.Rac1 c5 12.cxd5 Nxd5 13.Nxd5 Bxd5 14.Qa4 a5 15.a3 cxd4
16.Rxc8 Qxc8 17.Nxd4 Bxg2 18.Kxg2 Nc5 19.Qb5 Qb7+ 20.f3 Rd8 21.Rd2 Qa6 22.Rc2 Qxb5
23.Nxb5 Na6 24.Rc6 Bc5 25.Bd6 h5 26.Bxc5 Nxc5 27.Rxb6 Rd2 28.Nc3 Nd3 29.Rb8+ Kh7
30.Rb5 Kg6 31.Kf1 Nxb2 32.Rxa5 Nc4 33.Ra4 Ne3+ 34.Kf2 Nd1+ 35.Nxd1 Rxd1 36.Rb4 Ra1
37.a4 Ra3 38.h3 Kf6 39.g4 hxg4 40.hxg4 g6 41.Rf4+ Ke7 42.g5 e5 43.Rb4 Ke6
44.e4 Ra2+ 45.Kg3 Ra3 46.Rb6+ Ke7 47.Rb7+ Ke6 48.Ra7 Ra2 49.a5 Ra1 50.a6 Ra3
51.Ra8 Ke7 52.a7 Ra2 53.Kh3 Ra1 54.Kg2 Ra2+ 55.Kf1 Ra1+ 56.Ke2 Ra3 57.Kd2 Ra1
58.Kd3 Ra4 59.Kc3 Ra1 60.Kc4 Ra4+ 61.Kb5 Ra1 62.Kc6 Ra2 63.Rc8 Rxa7 64.Rc7+ Rxc7+
65.Kxc7 Ke6 66.Kc6 Ke7 67.Kd5 Kd7 68.Kxe5 Ke7 69.f4 Kf8 70.Kf6 Kg8 71.Ke7 Kg7
72.f5  1-0

[Event "Perenyi mem 2nd"]
[Site "Gyula"]
[Date "1998.??.??"]
[Round "1"]
[White "Turzo, Attila"]
[Black "Lauber, Arnd"]
[Result "1-0"]
[WhiteElo "2415"]
[BlackElo "2370"]

1.d4 Nf6 2.c4 e6 3.g3 d5 4.Bg2 Be7 5.Nf3 O-O 6.Qc2 dxc4 7.Qxc4 a6 8.O-O b5
9.Qb3 Bb7 10.a4 b4 11.a5 Bd5 12.Qd3 c5 13.Nbd2 cxd4 14.Nxd4 Bxg2 15.Kxg2 Bc5
16.Qf3 Ra7 17.N4b3 Be7 18.Nc4 Rc7 19.Nb6 Rc2 20.Bf4 Nd5 21.Bxb8 Nxb6 22.axb6 Qxb8
23.Rxa6 Rxb2 24.Rfa1 Rc2 25.b7 Rc7 26.Rb6 Rc3 27.e3 Qc7 28.b8=Q  1-0

[Event "Perenyi mem 2nd"]
[Site "Gyula"]
[Date "1998.??.??"]
[Round "5"]
[White "Ruck, Robert"]
[Black "Lauber, Arnd"]
[Result "1/2-1/2"]
[WhiteElo "2450"]
[BlackElo "2370"]

1.d4 Nf6 2.c4 e6 3.g3 d5 4.Bg2 Be7 5.Nf3 O-O 6.O-O dxc4 7.Ne5 Nc6 8.Nxc6 bxc6
9.Bxc6 Rb8 10.Nc3 Bb7 11.Bxb7 Rxb7 12.Rb1 c5 13.dxc5 Bxc5 14.Qa4 Rb4 15.Qc2 Qc7
16.Bg5 Be7 17.Rfd1 Qc6 18.Ne4 Qa4 19.b3 cxb3 20.axb3 Qb5 21.Nxf6+ Bxf6 22.Bxf6 gxf6
23.Qc3 Kg7 24.Rd3 Rb8 25.Rf3 Qe5 26.Qxe5 fxe5 27.Ra1 Rxb3  1/2-1/2

[Event "Perenyi mem 2nd"]
[Site "Gyula"]
[Date "1998.??.??"]
[Round "7"]
[White "Zimmerman, Yuri"]
[Black "Jagodzinski, Andreas"]
[Result "1-0"]
[WhiteElo "2340"]
[BlackElo "2210"]

1.d4 Nf6 2.c4 e6 3.Nf3 d5 4.g3 Be7 5.Bg2 O-O 6.O-O Nbd7 7.Qc2 c6 8.b3 Ne4
9.Nfd2 Nxd2 10.Qxd2 b6 11.e4 Bb7 12.Ba3 Bxa3 13.Nxa3 dxe4 14.Bxe4 Nf6 15.Bg2 Qe7
16.Nc2 Rfd8 17.Qe3 Qc7 18.Rfd1 Rac8 19.Rd2 c5 20.Bxb7 Qxb7 21.dxc5 Rxd2 22.Qxd2 bxc5
23.Rd1 h6 24.Ne1 Qc6 25.Qd6 Qe4 26.Qd3 Qb7 27.Nf3 Qa6 28.Rd2 Kh8 29.Ne5 Kg8
30.f3 Qb7 31.Kg2 Kh8 32.Qd6 Kg8 33.Nd3 Rc6 34.Qd8+ Kh7 35.Ne5 Rc8 36.Qd3+ Kg8
37.Qd6 Kh8 38.Nd3 Qb6 39.Qxb6 axb6 40.Ne5 Kg8 41.Rd6 Rb8 42.Rc6 Rb7 43.Rc8+ Kh7
44.Rf8 Ra7 45.a4 Rb7 46.Rxf7 Rb8 47.Kf2 Rd8 48.Ke2 Kg8 49.Rb7 Rd6 50.Rb8+  1-0

[Event "NZD-ch105"]
[Site "Hamilton"]
[Date "1998.??.??"]
[Round "11.3"]
[White "Lukey, Stephen G"]
[Black "Green, Peter"]
[Result "0-1"]
[WhiteElo "2235"]
[BlackElo "2245"]

1.d4 Nf6 2.c4 e6 3.g3 d5 4.Bg2 Be7 5.Nf3 O-O 6.O-O Nbd7 7.Qc2 c6 8.Bf4 Re8
9.Rd1 Nf8 10.Nc3 Ng6 11.Ne5 Nxf4 12.gxf4 Bf8 13.Rab1 g6 14.b4 Bd7 15.c5 Nh5
16.e3 f6 17.Nd3 Bg7 18.b5 Kh8 19.bxc6 bxc6 20.Ne2 Qc7 21.Bf3 Re7 22.Rb3 Be8
23.Bxh5 gxh5 24.Qc3 Bg6 25.a4 Rg8 26.f3 e5 27.Kf2 e4 28.fxe4 dxe4 29.Nb4 a5
30.Na6 Qc8 31.Qxa5 Ra7 32.Rb6 Qh3 33.Rg1 Qh4+ 34.Ng3 Qxh2+ 35.Rg2 Qh3 36.Rxc6 h4
37.Nf1 Qf3+ 38.Kg1 Bf5 39.Qe1 Bh3 40.Qf2 Bxg2 41.Qxg2 Bf8  0-1

[Event "Capablanca mem Masters II"]
[Site "Havana"]
[Date "1998.??.??"]
[Round "13"]
[White "Araque, Rafael"]
[Black "Fandino, Roquelina"]
[Result "1/2-1/2"]
[WhiteElo "2345"]
[BlackElo "2230"]

1.d4 e6 2.c4 Nf6 3.g3 Be7 4.Bg2 d5 5.Nf3 O-O 6.O-O dxc4 7.Ne5 Nc6 8.Nxc6 bxc6
9.Qa4 Rb8 10.Qxa7 Bd7 11.Qa4 c5 12.Qd1 Nd5 13.dxc5 Bf6 14.Qc2 Bb5 15.Nc3 Nb4
16.Qe4 Bxc3 17.bxc3 Bc6 18.Qb1 Bxg2 19.Kxg2 Nd3 20.Qc2 Qd5+ 21.f3 Nxc1 22.Rfxc1 Qxc5
23.Rab1 g6 24.Rd1 Rxb1 25.Rxb1 Rd8 26.a4 Qe3 27.Rb2 h5 28.a5 Ra8 29.Ra2 Ra6
30.Qb2 Qe5 31.Qb4 Kg7 32.h4 Qd5 33.Kf2 Qe5 34.Ra4 Qd5 35.Qxc4 Rxa5 36.Qxd5 Rxd5
37.Rc4 Rd7 38.Ke3 Kf6 39.g4 Kg7 40.gxh5 gxh5 41.Kf4 Kg6 42.e4 Re7 43.Rc5 Kh6
44.Ra5 Rd7 45.Ra7 Kg6 46.e5 Kh6 47.Ke4 Kg6 48.c4 Rd1 49.Rxc7 Rh1  1/2-1/2

[Event "Saitek US Masters"]
[Site "Hawaii"]
[Date "1998.??.??"]
[Round "2"]
[White "Hodgson, Julian M"]
[Black "Salman, Joel"]
[Result "1/2-1/2"]
[WhiteElo "2575"]
[BlackElo "2240"]

1.d4 e6 2.Nf3 Nf6 3.g3 d5 4.c4 Be7 5.Bg2 O-O 6.O-O Nbd7 7.Qc2 c6 8.Nbd2 b6
9.e4 dxe4 10.Nxe4 Nxe4 11.Qxe4 Bb7 12.Rd1 Nf6 13.Qe2 Rc8 14.Bf4 Bd6 15.Ne5 Qe7
16.Bg5 h6 17.Bxf6 gxf6 18.Qg4+ Kh7 19.Nxc6 Rxc6 20.Bxc6  1/2-1/2

[Event "HUN-chT9899"]
[Site "HUN"]
[Date "1998.??.??"]
[Round "?"]
[White "Cosma, Ioan"]
[Black "Feher, Gyula"]
[Result "1/2-1/2"]
[WhiteElo "2475"]
[BlackElo "2445"]

1.c4 e6 2.Nf3 d5 3.d4 Nf6 4.g3 Be7 5.Bg2 O-O 6.O-O dxc4 7.Qc2 a6 8.Qxc4 b5
9.Qc2 Bb7 10.Bg5 Nbd7 11.Bxf6 Nxf6 12.Nbd2 Rc8 13.Nb3 c5 14.dxc5 Bd5 15.Rfd1 Qc7
16.Nfd4 Bxg2 17.Kxg2 Bxc5 18.Nxc5 Qxc5 19.Qxc5 Rxc5 20.Rac1 Rxc1 21.Rxc1 Rd8
22.Rc6 Ne8 23.Nb3 Rd6 24.Rc8 Kf8 25.Ra8 Rc6 26.Nd4 Rd6 27.e3 e5 28.Nf5 Rd2
29.e4 f6 30.Rxa6 Rxb2 31.Ra8 Rd2 32.h4 h5 33.Kf3 Rd7 34.Rb8 g6 35.Ne3 Ra7
36.Nd5 Kf7 37.Rxb5 Rxa2 38.Rb7+ Kf8 39.Rb8 Kf7 40.Rb7+ Kf8 41.Rd7 Ra3+ 42.Kg2 Ra6
43.Rd8 Re6 44.Kf3 Kf7 45.Rd7+ Kf8 46.Ra7 Nd6 47.Ke3 Nf7 48.f3 f5 49.Ra8+ Kg7
50.Ra7 Kf8 51.Ra8+ Kg7 52.Ra7  1/2-1/2

[Event "HUN-chT 9798"]
[Site "Hungary"]
[Date "1998.??.??"]
[Round "?"]
[White "Stohl, Igor"]
[Black "Szurovszky, Elek"]
[Result "1-0"]
[WhiteElo "2580"]
[BlackElo "2230"]

1.d4 Nf6 2.c4 e6 3.g3 Be7 4.Bg2 d5 5.Nf3 c6 6.Qc2 Nbd7 7.O-O O-O 8.b3 b6
9.Rd1 Bb7 10.Nc3 Rc8 11.e4 dxe4 12.Nxe4 c5 13.Nxf6+ Bxf6 14.Ng5 Bxg5 15.Bxb7 Rc7
16.dxc5 Bxc1 17.Raxc1 Rxb7 18.c6 Rc7 19.cxd7 Rxd7 20.Rxd7 Qxd7 21.Rd1 Qe7
22.Qd3 Qa3 23.Rd2 h6 24.Qd6 Qc1+ 25.Kg2 e5 26.Re2 f6 27.Qd7 Rf7 28.Qd5 g6
29.f4 g5 30.fxe5 fxe5 31.Rf2  1-0

[Event "HUN-chT 9798"]
[Site "Hungary"]
[Date "1998.??.??"]
[Round "?"]
[White "Horvath, Jozsef"]
[Black "Wells, Peter K"]
[Result "1/2-1/2"]
[WhiteElo "2535"]
[BlackElo "2495"]

1.c4 e6 2.Nf3 d5 3.g3 Nf6 4.Bg2 Be7 5.d4 O-O 6.O-O dxc4 7.Qc2 a6 8.a4 Bd7
9.Qxc4 Bc6 10.Bg5 Bd5 11.Qd3  1/2-1/2

[Event "Jarvenpaa We JarvSK"]
[Site "Jarvanpaa"]
[Date "1998.??.??"]
[Round "3"]
[White "Parkkinen, Jyrki"]
[Black "Sammalvuo, Tapani"]
[Result "0-1"]
[WhiteElo "2155"]
[BlackElo "2395"]

1.d4 Nf6 2.c4 e6 3.g3 d5 4.Nf3 Be7 5.Bg2 O-O 6.O-O dxc4 7.Qc2 a6 8.Qxc4 b5
9.Qc2 Bb7 10.Bf4 Nc6 11.Rd1 Nb4 12.Qc1 Nbd5 13.Ne5 Nxf4 14.Qxf4 Bxg2 15.Kxg2 c5
16.Nc6 Qd7 17.Nxe7+ Qxe7 18.dxc5 Qxc5 19.Rc1 Qd5+ 20.Qf3 Rfd8 21.Nc3 Qxf3+
22.Kxf3 Rd2 23.b4 Rb2 24.Rab1 Rxb1 25.Nxb1 Nd5 26.a3 Kf8 27.e4 Nb6 28.Nd2 Ke7
29.Ke3 Kd6 30.f4 f6 31.Rd1 Kc6 32.Rc1+ Kb7 33.g4 h6 34.h4 Rd8 35.g5 hxg5
36.hxg5 Rh8 37.Rf1 Rh3+ 38.Rf3 Rh1 39.gxf6 gxf6 40.Kd4 Rc1 41.Rh3 Rd1 42.Kc3 Re1
43.Kd3 Ra1 44.Kd4 Rd1 45.Kc3 Kc6 46.Rh6 Nd7 47.e5 fxe5 48.f5 Kd6 49.Ne4+ Kd5
50.fxe6 Kxe4 51.Kc2 Rd6 52.e7 Rxh6 53.e8=Q Rd6 54.Qe7 Kd5 55.Kd2 Nb6 56.Qb7+ Ke6+
57.Ke2 Nd5 58.Qc8+ Ke7 59.Qb7+ Kf6 60.Qb8 Nf4+ 61.Kf2 Rd2+ 62.Ke3 Rd3+ 63.Ke4 Rd4+
64.Kf3 Rd3+ 65.Ke4 Rd4+ 66.Kf3 Ng6 67.Qb6+ Kf5 68.Qxa6 e4+ 69.Kf2 Ne5 70.Qxb5 Kf4
71.Qe8 e3+ 72.Kf1 Rd1+  0-1

[Event "Karvina op"]
[Site "Karvina"]
[Date "1998.??.??"]
[Round "?"]
[White "Shtyrenkov, Veniamen"]
[Black "Talla, Vladimir"]
[Result "1-0"]
[WhiteElo "2460"]
[BlackElo "2335"]

1.d4 Nf6 2.Nf3 e6 3.c4 d5 4.g3 Be7 5.Bg2 O-O 6.O-O c6 7.Qc2 b6 8.Nbd2 Ba6
9.Rd1 Nbd7 10.b3 b5 11.c5 b4 12.e4 Nxe4 13.Nxe4 dxe4 14.Qxe4 Nxc5 15.Qc2 Nd7
16.Ne5 Nxe5 17.dxe5 Qc7 18.Qxc6 Qxc6 19.Bxc6 Rac8 20.Be4 Bc5 21.Bb2 Rfd8
22.Rac1 Bb6 23.Rxc8 Rxc8 24.Kg2 Kf8 25.Bd4 Be2 26.Rd2 Bxd4 27.Rxd4 a5 28.Rd7 h5
29.f3 Rc5 30.Kf2 Bb5 31.Ra7 Rxe5 32.Rxa5 f6 33.Ke3 Be8 34.Rxe5 fxe5 35.h4 Ke7
36.Kd3 Bb5+ 37.Kc2 Kf6 38.Kb2 g5 39.a4 bxa3+ 40.Kxa3 Be2 41.b4 g4 42.fxg4 Bxg4
43.b5 Ke7 44.Kb4 Kd6 45.Ka5 Be2 46.Kb6 Bc4 47.Bf3 Bd3 48.Bxh5 e4 49.Bd1 e3
50.h5 Ke7 51.Kc5 e2 52.Bxe2 Bxe2 53.h6 Kf7 54.b6 Bf3 55.g4 Kg6 56.g5 Kh7
57.Kd6 Bd5 58.Kd7 e5 59.Kd6 e4 60.Kxd5 e3 61.b7 e2 62.b8=Q e1=Q 63.Qc7+ Kg6
64.Qg7+ Kh5 65.Qf6 Qe8 66.Kd6 Qe4 67.Qe5 Qb4+ 68.Ke6 Qb6+ 69.Kf7 Qb7+ 70.Kf8 Qb4+
71.Qe7 Qd4 72.Qf7+ Kh4 73.Qf6 Qc5+ 74.Kg7 Qc7+ 75.Kh8 Qc8+ 76.Kh7 Qd7+ 77.Qg7 Qf5+
78.g6 Qd3  1-0

[Event "Russia-chB (Women)"]
[Site "Kolontaevo"]
[Date "1998.??.??"]
[Round "?"]
[White "Timofeeva, Lidia"]
[Black "Sorokina, Tamara"]
[Result "0-1"]
[WhiteElo "2185"]
[BlackElo "2145"]

1.d4 Nf6 2.c4 e6 3.Nf3 d5 4.g3 Be7 5.Bg2 O-O 6.O-O c6 7.Nbd2 Nbd7 8.Ne5 c5
9.cxd5 exd5 10.Nxd7 Qxd7 11.dxc5 Bxc5 12.Nb3 Bb6 13.Nd4 Qe7 14.e3 Bd7 15.b3 Rac8
16.Bb2 a6 17.h3 Ne4 18.Qd3 Rfe8 19.Rac1 g6 20.Rfd1 Rcd8 21.Qe2 h5 22.Ba1 Kh7
23.h4 Bg4 24.Bf3 f5 25.Kg2 Rf8 26.Qc2 Rde8 27.Re1 Rf7 28.Qd3 Qd6 29.Rc2 Rfe7
30.Bb2 Bc7 31.Bxg4 fxg4 32.Ne2 Qb4 33.Rec1 Qd6 34.Nf4 Rf7 35.Qxd5 Qxd5 36.Nxd5 Bd6
37.Nf4 Kh6 38.Rc8 Rff8 39.Rxe8 Rxe8 40.Bd4 g5 41.hxg5+ Nxg5 42.Rh1 Bxf4 43.exf4 Nf3
44.Be3 Kg6 45.f5+ Kxf5 46.Rxh5+ Ke4 47.Rh7 Kd3 48.Kf1 b5 49.Rd7+ Kc3 50.Rg7 Kb2
51.Ke2 Nh2 52.Rh7 Nf3 53.Rg7 Ne5 54.Bd4+ Kxa2 55.Bxe5 Rxe5+ 56.Kd3 Kxb3  0-1

[Event "Korinthos op"]
[Site "Korinthos"]
[Date "1998.??.??"]
[Round "6"]
[White "Banikas, Hristos"]
[Black "Managadze, Nikoloz"]
[Result "1-0"]
[WhiteElo "2495"]
[BlackElo "2335"]

1.d4 d5 2.c4 e6 3.Nf3 Be7 4.g3 Nf6 5.Bg2 O-O 6.O-O b6 7.Nc3 Bb7 8.Ne5 c6
9.e4 Nbd7 10.Nxc6 Bxc6 11.exd5 exd5 12.cxd5 Bb7 13.d6 Bxg2 14.dxe7 Qxe7 15.Kxg2 Qb4
16.a3 Qc4 17.Be3 Rad8 18.Qe2 Qxe2 19.Nxe2 Nd5 20.Rac1 h6 21.Kf3 Rfe8 22.Nc3 N7f6
23.Rfe1 g5 24.Nxd5 Nxd5 25.Bd2 Kg7 26.Rxe8 Rxe8 27.h4 g4+ 28.Kxg4 Re2 29.Rc2 Re4+
30.Kf5 Rxd4 31.Ke5  1-0

[Event "MK Cafe Cup-B"]
[Site "Koszalin"]
[Date "1998.??.??"]
[Round "9"]
[White "Krasenkova, Ilena"]
[Black "Korpalski, Robert"]
[Result "1-0"]
[WhiteElo "2235"]
[BlackElo "2165"]

1.d4 d5 2.c4 e6 3.Nf3 Nf6 4.g3 Be7 5.Bg2 O-O 6.O-O c6 7.Nbd2 Nbd7 8.Qc2 b6
9.e4 dxe4 10.Nxe4 Bb7 11.Nxf6+ Bxf6 12.Rd1 Qe7 13.Bf4 Rac8 14.c5 bxc5 15.dxc5 e5
16.Be3 Rfe8 17.Rd6 e4 18.Nd2 Be5 19.Nxe4 f5 20.Qb3+ Kh8 21.Qxb7 Bxd6 22.Nxd6 Rb8
23.Qxc6 Ne5 24.Qd5 Red8 25.Qxe5  1-0

[Event "La Coruna op"]
[Site "La Coruna"]
[Date "1998.??.??"]
[Round "?"]
[White "Paunovic, Dragan"]
[Black "Suarez, Diego"]
[Result "1-0"]
[WhiteElo "2450"]
[BlackElo "2345"]

1.d4 Nf6 2.Nf3 e6 3.g3 d5 4.Bg2 Be7 5.c4 O-O 6.Nc3 dxc4 7.O-O Bd7 8.Ne5 Bc6
9.e4 Bb4 10.d5 Bd7 11.Nxc4 Bxc3 12.bxc3 exd5 13.exd5 Na6 14.Ba3 Re8 15.Qb3 Rb8
16.Rfe1 h6 17.Ne5 Bf5 18.c4 Ne4 19.Bxe4 Rxe5 20.Bxf5 Rxf5 21.Re7 b6 22.Rae1 Qc8
23.Qb5 Qb7 24.Re8+ Kh7 25.Qb1 g6 26.Qb2 Rxe8 27.Rxe8 f6 28.Qe2 Re5 29.Rxe5 fxe5
30.Qxe5 Qc8 31.Bb2 Qf8 32.h4 h5 33.Bd4 Kh6 34.a3 Kh7 35.Kg2 Kh6 36.f3 Kh7
37.g4 hxg4 38.fxg4 Nc5 39.Qxc7+ Kg8 40.Bxc5 bxc5 41.Qe5 Qh6 42.Qb8+ Kg7 43.Qxa7+ Kg8
44.Qb8+ Kg7 45.Qc7+ Kg8 46.Qd8+ Kg7 47.Qe7+ Kh8 48.g5  1-0

[Event "FRA-ch (Women)"]
[Site "Meribel"]
[Date "1998.??.??"]
[Round "3"]
[White "Flear, Christine"]
[Black "Sahetchian, Armine"]
[Result "1-0"]
[WhiteElo "2240"]
[BlackElo "2110"]

1.d4 Nf6 2.c4 e6 3.g3 d5 4.Bg2 Be7 5.Nf3 O-O 6.O-O dxc4 7.Nc3 c5 8.dxc5 Qxd1
9.Rxd1 Bxc5 10.Ne5 Nbd7 11.Nxc4 e5 12.Bg5 Rb8 13.Bxf6 gxf6 14.Ne4 Be7 15.Bh3 Nc5
16.Bxc8 Rfxc8 17.Ned6 Bxd6 18.Nxd6 Rd8 19.Rd5 Ne6 20.Rad1 Nd4 21.e3 Nc6 22.a3 Kf8
23.b4 Ne7 24.R5d2 Nc6 25.f4 a6 26.Kf2 Rd7 27.Ke2 b5 28.Ne4 Rxd2+ 29.Rxd2 Ke7
30.Nxf6 Nxb4 31.axb4 Kxf6 32.Rd6+ Kf5 33.fxe5 Ke4 34.Rxa6 Rc8 35.Kd2 Rc4
36.e6 fxe6 37.Rxe6+ Kd5 38.Rh6 Rxb4 39.Rxh7 Rb2+ 40.Kc3 Rb1 41.Rh4 Kc5 42.Rh5+ Kb6
43.h4 Ka5 44.Rh8 Rc1+ 45.Kd2 Rg1 46.Rg8 b4 47.g4 Rg2+ 48.Kd3 b3 49.Kc3 b2
50.Ra8+ Kb6 51.Rb8+ Kc5 52.Rxb2 Rxg4 53.Rh2 Kd5 54.Kd3 Ke5 55.h5 Ra4 56.h6 Ra3+
57.Kc4 Ra4+ 58.Kc5 Ra8 59.Rh5+ Ke4 60.Rh4+ Ke5 61.h7 Rc8+ 62.Kb6 Rh8 63.Kc7 Ke6
64.e4 Ke7 65.Rh6 Kf7 66.Kd7 Kg7 67.Rh1 Kf6 68.e5+  1-0

[Event "FRA-ch (Women)"]
[Site "Meribel"]
[Date "1998.??.??"]
[Round "10"]
[White "Flear, Christine"]
[Black "Gervais, Claire"]
[Result "1-0"]
[WhiteElo "2240"]
[BlackElo "2265"]

1.d4 Nf6 2.c4 e6 3.g3 d5 4.Bg2 Be7 5.Nf3 O-O 6.O-O dxc4 7.Qc2 a6 8.Qxc4 b5
9.Qc2 Bb7 10.Bf4 Nc6 11.Rd1 Nb4 12.Qc1 Qc8 13.Nbd2 c5 14.dxc5 Bxc5 15.Nb3 Be7
16.Na5 Bd5 17.Nd4 Bxg2 18.Kxg2 Nbd5 19.Ndc6 Bd8 20.Bg5 Bxa5 21.e4 Nxe4 22.Rxd5 Qb7
23.f3 exd5 24.fxe4 dxe4 25.Nxa5 Qd5 26.Nc6 e3+ 27.Kg1 Qxg5 28.Nb4 Rac8 29.Qe1 a5
30.Nd3 Rfd8 31.Nf4 Qc5 32.Ne2 Rd2 33.Qf1 Qc6 34.Qf3 f6 35.Rf1 Rcd8 36.b4 axb4
37.Qe4 Rd1 38.Kg2 Qe8  1-0

[Event "Miercurea Ciuc op"]
[Site "Miercurea Ciuc"]
[Date "1998.??.??"]
[Round "7"]
[White "Raceanu, Valentin"]
[Black "Glodeanu, Ion"]
[Result "0-1"]
[WhiteElo "2215"]
[BlackElo "2340"]

1.d4 d5 2.c4 e6 3.g3 Nf6 4.Bg2 Be7 5.Nf3 O-O 6.O-O c5 7.cxd5 exd5 8.Nc3 Nc6
9.Bg5 cxd4 10.Nxd4 h6 11.Bf4 Bg4 12.h3 Bh5 13.Nf5 Bg6 14.Nxe7+ Qxe7 15.Nxd5 Nxd5
16.Qxd5 Rad8 17.Qc4 Nd4 18.Be3 b5 19.Qxd4 Rxd4 20.Bxd4 Rd8 21.e3 a6 22.Rac1 Be4
23.Bxe4 Qxe4 24.a3 Rd5 25.h4 Qf3 26.Rc5 Rxc5 27.Bxc5 Kh7 28.h5 Qxh5 29.Bd4 Qf3
30.Rc1 Kg6 31.Rc5 Qb7 32.Re5 Qd7 33.Bc3 f6 34.Re4 Qd1+ 35.Kh2 Qf1 36.Rf4 h5
37.Bd4 Kf7 38.Bc3 Ke6 39.Bd4 Kd6 40.Bc3 Ke6 41.Bd4 Qd1 42.Kg2 Qd3 43.Bc3 Qd7
44.Kg1 Qb7 45.Rh4 Qf3 46.Rf4 Qd1+ 47.Kg2 Qd7 48.Rh4 Qd5+ 49.e4 Qd1 50.Rf4 Qe2
51.Kg1 a5 52.Kg2 b4 53.axb4 axb4 54.Bxb4 g5  0-1

[Event "Miercurea Ciuc op"]
[Site "Miercurea Ciuc"]
[Date "1998.??.??"]
[Round "9"]
[White "Bromberger, Stefan"]
[Black "Burnoiu, Costel"]
[Result "1/2-1/2"]
[WhiteElo "2320"]
[BlackElo "2240"]

1.d4 Nf6 2.c4 e6 3.g3 Be7 4.Bg2 d5 5.Nf3 Nc6 6.cxd5 exd5 7.Nc3 Bf5 8.O-O O-O
9.Ne5 Re8 10.Bg5 Nxe5 11.dxe5 Ne4 12.Bxe7 Qxe7 13.Qxd5 Nxc3 14.bxc3 Qxe5
15.Qxe5 Rxe5 16.Bxb7 Rb8 17.Bf3 Rb2 18.Rfd1 g5 19.e3 Be6 20.Rdb1 Rc2 21.Rb7 g4
22.Bg2 Rxc3 23.Rxa7 Rec5 24.Bb7 Rc1+ 25.Rxc1 Rxc1+ 26.Kg2 Bc4 27.h3 Bf1+
28.Kh2 gxh3 29.Bd5 Rc2 30.Be4 Rxf2+ 31.Kg1 Rf6 32.Rxc7 Bb5 33.Bd5 h5 34.e4 Kg7
35.e5 Rf5 36.Kh2 Bf1 37.e6 Rxd5 38.Rxf7+ Kg8 39.Rxf1 Rd2+ 40.Kxh3 Re2 41.a4 Rxe6
42.a5 Kg7 43.Ra1 Ra6 44.Kg2 Kg6 45.Kf3 Kf5 46.Ra4 Kg5 47.Ke3 Kf5 48.Kd3 Rg6
49.Rf4+ Ke5 50.Rh4 Rxg3+ 51.Kc4 Rg4+  1/2-1/2

[Event "Montecatini Terme op"]
[Site "Montecatini Terme"]
[Date "1998.??.??"]
[Round "3"]
[White "Horvath, Jozsef"]
[Black "Dervishi, Erald"]
[Result "1/2-1/2"]
[WhiteElo "2515"]
[BlackElo "2450"]

1.d4 Nf6 2.c4 e6 3.g3 d5 4.Bg2 Be7 5.Nf3 O-O 6.Nc3 b6 7.cxd5 exd5 8.O-O Bb7
9.Ne5 Na6 10.Be3 c5 11.Rc1 Ne4 12.a3 Qd6 13.Qa4 f5 14.Rfd1 Rfd8 15.Nxe4 dxe4
16.Qc4+ Qd5 17.dxc5 Qxc4 18.Nxc4 Nxc5 19.Bxc5 Bxc5 20.b4 Bf8 21.e3 Bd5 22.Bf1 Be6
23.Rxd8 Rxd8 24.Ne5 a5  1/2-1/2

[Event "Montecatini Terme op"]
[Site "Montecatini Terme"]
[Date "1998.??.??"]
[Round "8"]
[White "Malakhov, Vladimir"]
[Black "Dervishi, Erald"]
[Result "1/2-1/2"]
[WhiteElo "2535"]
[BlackElo "2450"]

1.d4 Nf6 2.c4 e6 3.Nf3 d5 4.g3 Be7 5.Bg2 O-O 6.O-O dxc4 7.Ne5 Nc6 8.Bxc6 bxc6
9.Nxc6 Qe8 10.Nxe7+ Qxe7 11.Qa4 Qd6 12.Rd1 Qa6 13.Qxa6 Bxa6 14.Nc3 Rab8 15.e4 h6
16.f3 Rfd8 17.Rb1 Nd7 18.Be3 Nb6 19.Rbc1 Bb7 20.Bf4 Rd7 21.Nb5 Rc8 22.Rd2 a6
23.Nc3 a5 24.g4 f6 25.Bg3 c5 26.Rcd1 Rcd8 27.Nb5 cxd4 28.Rxd4 Rxd4 29.Rxd4 Rxd4
30.Nxd4 e5 31.Nf5 Na4 32.Be1 Nxb2 33.Bxa5 Ba6 34.Ne3 Kf7 35.a3 Bb5 36.Kf2 Nd3+
37.Ke2 Nc1+ 38.Kd1 Nb3 39.Bc3 g6 40.Ke2 Nd4+ 41.Kf2 Ke6 42.Nd5 Bc6 43.Ne3 Bb5
44.h4 h5 45.gxh5 gxh5 46.Nf1 Nc2 47.Bb2 c3 48.Bxc3 Bxf1 49.Kxf1 Nxa3 50.Kf2 Nb5
51.Bb2 f5 52.exf5+ Kxf5 53.Bc1 Ke6 54.Bg5 Kd5 55.Bf6 Kd6 56.Ke3  1/2-1/2

[Event "Montpellier opA"]
[Site "Montpellier"]
[Date "1998.??.??"]
[Round "7"]
[White "Amato, Roger"]
[Black "Fressinet, Laurent"]
[Result "1/2-1/2"]
[WhiteElo "2175"]
[BlackElo "2450"]

1.d4 d5 2.Nf3 Nf6 3.g3 e6 4.Bg2 Be7 5.c4 O-O 6.O-O dxc4 7.Qa4 a6 8.Qxc4 b5
9.Qc2 Bb7 10.Nbd2 Nc6 11.Ne4 Nb4 12.Nxf6+ Bxf6 13.Qb3 a5 14.a3 Bd5 15.Qc3 Nc6
16.Be3 Rb8 17.Rfc1 b4 18.axb4 Rxb4 19.Ne5 Bxg2 20.Nxc6 Bxc6 21.Qxc6 Rxb2
22.Rxa5 Rxe2 23.Kf1 Rb2 24.d5 e5 25.Ra7 Bg5 26.Bxg5 Qxg5 27.Rxc7 g6 28.d6 Qf5
29.Qc5 Rd2 30.Re7 Rd8 31.Rxe5 Rxf2+ 32.Qxf2 Qxe5 33.Rd1 Rxd6 34.Rxd6 Qxd6
35.Qe3 Kg7 36.Kg2 h5 37.h4 Kf8 38.Qh6+ Ke8 39.Qe3+ Kd7 40.Qb3 Qe6 41.Qb7+ Kd6
42.Qb6+ Kd5 43.Qb3+ Kd4 44.Qb2+ Kd3 45.Qb1+ Kc3 46.Qc1+ Kb3 47.Qb1+ Ka3 48.Qc1+ Ka4
49.Qa1+ Kb4 50.Qb2+ Qb3 51.Qd4+ Qc4 52.Qb2+ Ka4 53.Qa1+ Kb3 54.Qb1+ Ka3 55.Qb7 Qb3
56.Qe7+ Kb2 57.Qe5+ Qc3 58.Qd5 Qc2+ 59.Kg1 Qb3 60.Qe5+ Kc2 61.Kg2 Qc3 62.Qe7 Qc4
63.Qe5 Kd1 64.Kf2 Qc2+ 65.Kg1 Qd2 66.Qf6 Qe3+ 67.Kg2 Qe2+ 68.Kg1 Qe6 69.Qf3+ Kd2
70.Qf2+ Kd3 71.Qf1+ Kd4 72.Qf4+ Kd5 73.Qf3+ Kc4 74.Qf4+ Kc3 75.Qf3+ Kb4 76.Qf4+ Qc4
77.Qd2+ Kc5 78.Qa5+ Kd4 79.Qd2+ Qd3 80.Qf4+ Kc3 81.Qc1+ Kb3 82.Qf4 Kc2 83.Qa4+ Kd2
84.Qa2+ Ke3 85.Qf2+ Ke4 86.Qf4+ Kd5  1/2-1/2

[Event "RUS-Cup02"]
[Site "Moscow"]
[Date "1998.??.??"]
[Round "7"]
[White "Burmakin, Vladimir"]
[Black "Ovetchkin, Roman"]
[Result "1/2-1/2"]
[WhiteElo "2550"]
[BlackElo "2475"]

1.d4 e6 2.c4 Nf6 3.Nf3 d5 4.g3 Be7 5.Bg2 O-O 6.O-O c6 7.Qc2 Nbd7 8.Rd1 b5
9.b3 bxc4 10.bxc4 Ba6 11.Nbd2 Qa5 12.Bf1 c5 13.cxd5 Nxd5 14.Bb2 Rac8 15.Nb3 Qa4
16.dxc5 Nxc5 17.Rd4 Nxb3 18.Qxb3 Qxb3 19.axb3 Rc2 20.Rd2 Rxd2 21.Nxd2 Nb4
22.Bc3 Rb8 23.Ra4 f6 24.Ne4 Rb6 25.Bd4 Rc6 26.Bxa7 Rc1 27.Be3 Rb1 28.Nd2 Rb2
29.Ra1 Kf7 30.Ne4 Rxb3 31.Bc5 Bb7 32.Bxe7 Bxe4 33.Bc5 Nc6 34.f3 Rb1 35.Ra3 Bd5
36.Kf2 Rc1 37.Be3 Rc2 38.Ra1 Ra2 39.Rb1 Ne5 40.Ke1 g5 41.Rc1 g4 42.f4 Nc4
43.Kf2 Nxe3 44.Kxe3 Kg6 45.h3 h5 46.h4  1/2-1/2

[Event "RUS-Cup02"]
[Site "Moscow"]
[Date "1998.??.??"]
[Round "7"]
[White "Vaulin, Alexander"]
[Black "Feoktistov, Alexey A"]
[Result "1/2-1/2"]
[WhiteElo "2535"]
[BlackElo "2395"]

1.Nf3 Nf6 2.c4 e6 3.d4 d5 4.g3 Be7 5.Bg2 O-O 6.O-O dxc4 7.Ne5 c5 8.dxc5 Bxc5
9.Nc3 Qd4 10.Qxd4 Bxd4 11.Nxc4 Nc6 12.Nb5 e5 13.e3 Bc5 14.b3 Ne8 15.Ba3 Bxa3
16.Nbxa3 f6 17.Bd5+ Kh8 18.Bxc6 bxc6 19.Na5 Bd7 20.Rfd1 Rf7 21.Rac1 Rc8 22.Kg2 Bf5
23.f3 Rfc7 24.e4 Be6 25.Kf2 Kg8 26.Rd2 Kf8 27.Rdc2 Bd7 28.Nb1 Nd6 29.Nc3 Nb7
30.Nxb7 Rxb7 31.Na4 Ke7 32.Nc5 Rb5 33.h4 Be8 34.Rd2 g6 35.g4 h6 36.Ke3 Rd8
37.Rxd8 Kxd8 38.Nd3 Ke7 39.Kd2 Kd6 40.Kc3 Bf7 41.Rd1 Ke7 42.Rd2 Be6 43.Nb4 Bd7
44.Rh2 h5 45.gxh5 gxh5 46.Rg2 Kf7 47.a4 Rb8 48.Na6 Re8 49.Rd2 Ke7 50.Rg2 Kf7
51.Rd2 Ke7 52.Kb4 Rg8 53.Kc5 Rg3 54.Nb8 Be8 55.Rd3 f5 56.exf5 Kf6 57.b4 Kxf5
58.Rd8 Bf7 59.Rf8 Kg6 60.Nxc6 Kg7 61.Ra8 Rxf3 62.Rxa7 Rc3+ 63.Kb6 Kf6 64.Nxe5 Bd5
65.Nd7+ Kf5 66.Rc7 Rh3 67.b5 Rxh4 68.a5 Rc4 69.Nc5 h4 70.Rh7 Kg4 71.a6 h3
72.Nd3 Kg3 73.Rg7+ Kh4 74.Rh7+ Kg3 75.Rg7+ Kh4 76.Ne5 Rc2 77.Ng6+ Kg5 78.Ne7+ Kh6
79.Nf5+ Kh5 80.Ng3+  1/2-1/2